[Event "Titled Tuesday intern op 16th Apr Early"]
[Site "Chess.com INT"]
[Date "2024.04.16"]
[Round "11"]
[White "Yezhel, Valiantsin"]
[Black "Cansun, Can Alp"]
[Result "1-0"]
[WhiteElo "2266"]
[BlackElo "2130"]
[PlyCount "85"]
[EventDate "2024.04.16"]
[EventType "swiss (blitz)"]
[EventRounds "11"]
[EventCountry "USA"]
[SourceTitle "CB17_2024"]
[SourceDate "2024.04.24"]
[SourceVersion "1"]
[SourceVersionDate "2024.04.24"]
[SourceQuality "1"]

1. c4 c5 2. g3 g6 3. Bg2 Bg7 4. Nc3 Nc6 5. e3 e6 6. Nge2 Nge7 7. d4 cxd4 8. Nxd4 Nxd4 9. exd4 d5 10. cxd5 Nxd5 11. Nxd5 exd5 12. Qe2+ Be6 13. Qb5+ Qd7 14. Qxd7+ Kxd7 15. Be3 Rac8 16. Kd2 Rc6 17. Rac1 Rhc8 18. Rxc6 Rxc6 19. h4 h5 20. Bf3 Rc4 21. Rc1 Bxd4 22. Rxc4 Bxe3+ 23. Kxe3 dxc4 24. Bxb7 c3 25. b3 Bf5 26. Ba6 Bb1 27. a3 Bf5 28. Bd3 c2 29. Bxf5+ gxf5 30. Kd2 Kd6 31. Kxc2 Ke5 32. Kd3 f4 33. b4 Kf5 34. b5 Kg4 35. a4 fxg3 36. fxg3 Kxg3 37. a5 f5 38. b6 axb6 39. axb6 f4 40. b7 f3 41. b8Q+ Kg2 42. Qg8+ Kh1 43. Ke3 1-0

[Event "Titled Tuesday intern op 02nd Apr Early"]
[Site "Chess.com INT"]
[Date "2024.04.02"]
[Round "4"]
[White "Demina, Marya"]
[Black "Yezhel, Valiantsin"]
[Result "0-1"]
[WhiteElo "1962"]
[BlackElo "2266"]
[PlyCount "70"]
[EventDate "2024.04.02"]
[EventType "swiss (blitz)"]
[EventRounds "11"]
[EventCountry "USA"]
[SourceTitle "CB15_2024"]
[SourceDate "2024.04.10"]
[SourceVersion "1"]
[SourceVersionDate "2024.04.10"]
[SourceQuality "1"]

1. d4 f5 2. g3 Nf6 3. Bg2 g6 4. Nf3 Bg7 5. c4 0-0 6. Nc3 d6 7. 0-0 Nc6 8. Re1 e5 9. d5 Ne7 10. h3 e4 11. Nd4 c6 12. Bf4 cxd5 13. cxd5 a6 14. Ne6 Bxe6 15. dxe6 d5 16. Be5 Rc8 17. e3 Rc6 18. Bd4 Rxe6 19. g4 fxg4 20. hxg4 g5 21. Na4 Ng6 22. Nc5 Re7 23. Qb3 Nxg4 24. Bxg7 Kxg7 25. Re2 Qd6 26. Nxb7 Qh2+ 27. Kf1 Ref7 28. Ke1 Qxg2 29. Qc3+ N6e5 30. Kd2 Rxf2 31. Rae1 Kg6 32. Nd6 Nf3+ 33. Kd1 Nxe1 34. Rxe1 Rf1 35. Nb7 Rxe1+ 0-1

[Event "Titled Tuesday intern op 02nd Apr Early"]
[Site "Chess.com INT"]
[Date "2024.04.02"]
[Round "10"]
[White "Yezhel, Valiantsin"]
[Black "Smieszek, Wojciech"]
[Result "1/2-1/2"]
[WhiteElo "2266"]
[BlackElo "2127"]
[PlyCount "132"]
[EventDate "2024.04.02"]
[EventType "swiss (blitz)"]
[EventRounds "11"]
[EventCountry "USA"]
[SourceTitle "CB15_2024"]
[SourceDate "2024.04.10"]
[SourceVersion "1"]
[SourceVersionDate "2024.04.10"]
[SourceQuality "1"]

1. d4 Nf6 2. Bf4 c5 3. e3 g6 4. c3 b6 5. Nf3 Bb7 6. h3 Bg7 7. Nbd2 0-0 8. a4 a6 9. Be2 d6 10. 0-0 Nbd7 11. Qb3 Rc8 12. Bc4 h6 13. Rfe1 Ne4 14. Nxe4 Bxe4 15. Bd5 Bxd5 16. Qxd5 Nf6 17. Qb3 c4 18. Qc2 Qd7 19. e4 e6 20. Bxd6 Qxd6 21. e5 Qc6 22. exf6 Bxf6 23. Ne5 Bxe5 24. Rxe5 Rcd8 25. a5 b5 26. f4 Rd5 27. Qe2 Qc7 28. Qe4 Rxe5 29. fxe5 Rc8 30. Qf4 Qc6 31. Qxh6 b4 32. Rf1 bxc3 33. bxc3 Rb8 34. h4 Qe4 35. Qg5 Rb1 36. Rxb1 Qxb1+ 37. Kh2 Qd1 38. Qd8+ Kh7 39. Qc7 Kg7 40. Qxc4 Qe1 41. g3 Qf2+ 42. Kh3 Qf5+ 43. Kg2 Qc2+ 44. Kg1 Qc1+ 45. Kh2 Qc2+ 46. Kh3 Qf5+ 47. Kh2 Qc2+ 48. Kg1 Qc1+ 49. Kf2 Qd2+ 50. Kf3 Qd1+ 51. Qe2 Qh1+ 52. Ke3 Qc1+ 53. Kd3 Qb1+ 54. Ke3 Qc1+ 55. Qd2 Qg1+ 56. Kf3 Qh1+ 57. Kg4 Qe4+ 58. Qf4 Qe2+ 59. Qf3 Qe1 60. h5 gxh5+ 61. Kxh5 Qc1 62. Kg4 Qe1 63. Qf6+ Kg8 64. Qf3 Kg7 65. Kf4 Qc1+ 66. Kg4 Qe1 1/2-1/2

[Event "Titled Tuesday intern op 12th Mar Late"]
[Site "Chess.com INT"]
[Date "2024.03.12"]
[Round "5"]
[White "Smieszek, Wojciech"]
[Black "Yezhel, Valiantsin"]
[Result "0-1"]
[WhiteElo "2130"]
[BlackElo "2266"]
[PlyCount "84"]
[EventDate "2024.03.12"]
[EventType "swiss (blitz)"]
[EventRounds "11"]
[EventCountry "USA"]
[SourceTitle "CB12_2024"]
[SourceDate "2023.10.01"]
[SourceVersion "1"]
[SourceVersionDate "2023.10.01"]
[SourceQuality "1"]

1. e4 c5 2. Nf3 g6 3. d4 cxd4 4. Nxd4 Bg7 5. Nc3 Nc6 6. Be3 Nf6 7. Bc4 0-0 8. Bb3 a5 9. 0-0 a4 10. Nxa4 Nxe4 11. Nb5 d5 12. Nb6 Ra5 13. Bxd5 Rxb5 14. Bxe4 Rxb2 15. Qxd8 Rxd8 16. Rad1 Re8 17. a4 Be6 18. Rb1 Ra2 19. Rfd1 f5 20. Bd5 Bxd5 21. Nxd5 Rxa4 22. Rxb7 Rc4 23. Rd2 Kf7 24. g3 Nd4 25. Bxd4 Bxd4 26. c3 Bc5 27. Rc7 Ra8 28. Kg2 Raa4 29. Re2 Bd6 30. Rb7 Re4 31. Rxe4 Rxe4 32. Ne3 Ra4 33. c4 Bc5 34. Rc7 Bb6 35. Rc6 Bxe3 36. fxe3 Ke8 37. Kf3 Kd7 38. Rc5 e6 39. Kf4 Kd6 40. Rc8 h6 41. h4 e5+ 42. Kf3 Ra3 0-1

[Event "Krakow op-A 34th"]
[Site "Krakow"]
[Date "2024.01.04"]
[Round "9"]
[White "Kaliszuk, Kamil"]
[Black "Yezhel, Valiantsin"]
[Result "1/2-1/2"]
[WhiteElo "2107"]
[BlackElo "2311"]
[PlyCount "82"]
[EventDate "2023.12.27"]
[EventType "swiss"]
[EventRounds "9"]
[EventCountry "POL"]
[SourceTitle "CB02_2024"]
[SourceDate "2024.01.10"]
[SourceVersion "1"]
[SourceVersionDate "2024.01.10"]
[SourceQuality "1"]

1. e4 e6 2. d4 d5 3. Nd2 Nc6 4. Ngf3 Nf6 5. e5 Nd7 6. Nb3 Be7 7. Bb5 Ncb8 8. 0-0 a6 9. Bd3 c5 10. dxc5 Nc6 11. Re1 Nxc5 12. Nxc5 Bxc5 13. a3 Bd7 14. b4 Be7 15. c4 dxc4 16. Bxc4 0-0 17. Bb2 Qc7 18. Rc1 Rfd8 19. Qe2 Rac8 20. Qe3 Be8 21. Bb3 b5 22. Nd2 a5 23. bxa5 Qxa5 24. Ne4 Qa7 25. Qg3 Nd4 26. Rxc8 Rxc8 27. Qe3 Nc6 28. Qg3 Na5 29. Nd6 Rd8 30. Ba2 Nc4 31. Nxc4 bxc4 32. Bxc4 Rd2 33. Bc1 Rc2 34. Bd3 Rc8 35. h3 Qa5 36. Rf1 g6 37. Qe3 Qc3 38. Ba6 Qxe3 39. Bxe3 Ra8 40. Bb7 Rb8 41. Be4 Bxa3 1/2-1/2

[Event "Krakow op-A 34th"]
[Site "Krakow"]
[Date "2023.12.31"]
[Round "5"]
[White "Babiarz, Arkadiusz"]
[Black "Yezhel, Valiantsin"]
[Result "1-0"]
[WhiteElo "2129"]
[BlackElo "2311"]
[PlyCount "121"]
[EventDate "2023.12.27"]
[EventType "swiss"]
[EventRounds "9"]
[EventCountry "POL"]
[SourceTitle "CB02_2024"]
[SourceDate "2024.01.10"]
[SourceVersion "1"]
[SourceVersionDate "2024.01.10"]
[SourceQuality "1"]

1. e4 c5 2. Nf3 g6 3. c3 d5 4. exd5 Qxd5 5. d4 Bg7 6. Nbd2 cxd4 7. Bc4 Qd8 8. Nxd4 Nf6 9. 0-0 0-0 10. N2f3 a6 11. a4 Qc7 12. Ba2 e5 13. Nc2 Nc6 14. Re1 Bg4 15. Bg5 e4 16. Bxf6 exf3 17. Ne3 h5 18. Bxg7 Kxg7 19. h3 Bxh3 20. gxh3 Qf4 21. Bd5 Ne5 22. Qd4 Qg5+ 23. Kh1 Rad8 24. Rg1 Qf6 25. Rae1 Rfe8 26. h4 Kh7 27. Rg5 Qe7 28. Reg1 f6 29. R5g3 f5 30. Rg5 Rd6 31. Qf4 Nd3 32. Qxf3 Nxf2+ 33. Qxf2 Qxe3 34. Qxe3 Rxe3 35. c4 Rh3+ 36. Kg2 Rxh4 37. Kf3 Rb6 38. c5 Rxb2 39. Rxg6 Rg4 40. R6xg4 fxg4+ 41. Kg3 Kg6 42. Re1 Kf5 43. Re7 Kf6 44. Rxb7 Rc2 45. c6 Kg5 46. Rg7+ Kf6 47. Rg6+ Kf5 48. Rg7 Rc3+ 49. Kf2 h4 50. c7 h3 51. Bb7 g3+ 52. Ke2 Kf6 53. c8Q Rxc8 54. Bxc8 h2 55. Bb7 Kxg7 56. Bh1 Kf6 57. Kf3 Ke5 58. Kxg3 Kd4 59. Kxh2 Kc5 60. Kg3 a5 61. Kf4 1-0

[Event "Krakow op-A 34th"]
[Site "Krakow"]
[Date "2023.12.30"]
[Round "4"]
[White "Yezhel, Valiantsin"]
[Black "Pacan Milej, Kosma"]
[Result "0-1"]
[WhiteElo "2311"]
[BlackElo "2425"]
[PlyCount "192"]
[EventDate "2023.12.27"]
[EventType "swiss"]
[EventRounds "9"]
[EventCountry "POL"]
[SourceTitle "CB02_2024"]
[SourceDate "2024.01.10"]
[SourceVersion "1"]
[SourceVersionDate "2024.01.10"]
[SourceQuality "1"]

1. d4 Nf6 2. c4 g6 3. Nc3 Bg7 4. e4 0-0 5. Be3 d6 6. h3 Na6 7. Nf3 e5 8. d5 Nh5 9. Nd2 Qe8 10. g4 Nf4 11. Qb3 Qe7 12. 0-0-0 Nc5 13. Qc2 a5 14. Kb1 b6 15. a3 Bd7 16. Nb3 Na6 17. Nc1 f5 18. f3 fxe4 19. fxe4 Bf6 20. Qd2 Rf7 21. Bd3 Nc5 22. Bc2 a4 23. Rdg1 Bg5 24. Nd3 Nb7 25. h4 Bxh4 26. Nxf4 exf4 27. Bxf4 Bf6 28. e5 Bxe5 29. Bg5 Qf8 30. Bh6 Rf2 31. Qe1 Qf3 32. Be4 Bxc3 33. bxc3 Qe2 34. Qxe2 Rxe2 35. Bd3 Re7 36. Rh2 Nc5 37. Kc2 Rae8 38. Rf2 Rf7 39. Rxf7 Kxf7 40. Rf1+ Kg8 41. Rf4 Nb7 42. Bg5 Nd8 43. Bf6 Nf7 44. g5 Ne5 45. Kd2 Ng4 46. Bd4 Ne5 47. Be3 Bg4 48. Bf2 Rf8 49. Rxf8+ Kxf8 50. Ke3 Bf5 51. Be2 Kg7 52. Kf4 Bd3 53. Bd1 h6 54. gxh6+ Kxh6 55. c5 g5+ 56. Ke3 bxc5 57. Bxa4 Ba6 58. Ke4 Bd3+ 59. Ke3 Bf1 60. Ke4 Bg2+ 61. Kf5 Bh3+ 62. Ke4 Nc4 63. Bb5 Nxa3 64. Bd3 Kg6 65. Kf3+ Bf5 66. Be2 Kf6 67. Be3 Bg6 68. Kg4 Bf5+ 69. Kf3 Nc2 70. Bd2 Ke5 71. Bxg5 Be4+ 72. Kf2 Kxd5 73. Ba6 Na3 74. Ke3 Bg6 75. Ke2 c4 76. Bf6 Bf5 77. Bb7+ c6 78. Bd4 Nb5 79. Bg7 Kc5 80. Ba6 Nc7 81. Bd4+ Kd5 82. Bb7 Ne6 83. Bb6 Nc5 84. Ba8 Nd7 85. Bd4 Nc5 86. Ke3 Bc8 87. Ke2 Bd7 88. Ke3 Na4 89. Bb7 Ke6 90. Kd2 d5 91. Bf2 Kd6 92. Bg3+ Kc5 93. Bc7 Kb5 94. Kc2 Nc5 95. Ba8 Ka6 96. Bb8 Na4 0-1

[Event "Titled Tuesday intern op 24th Oct Late"]
[Site "Chess.com INT"]
[Date "2023.10.24"]
[Round "5"]
[White "Bogaudinov, Rushan"]
[Black "Yezhel, Valiantsin"]
[Result "1/2-1/2"]
[WhiteElo "1853"]
[BlackElo "2311"]
[PlyCount "138"]
[EventDate "2023.10.24"]
[EventType "swiss (blitz)"]
[EventRounds "11"]
[EventCountry "USA"]
[SourceTitle "Mega2024 Update 01"]
[Source "Chessbase"]
[SourceDate "2023.11.12"]
[SourceVersion "1"]
[SourceVersionDate "2023.11.12"]
[SourceQuality "1"]

1. d4 f5 2. e4 fxe4 3. Nc3 Nf6 4. Bg5 e6 5. Nxe4 Be7 6. Nxf6+ Bxf6 7. Be3 b6 8. Bd3 Bb7 9. Qh5+ g6 10. Qh3 Qe7 11. c3 Nc6 12. Nf3 0-0-0 13. 0-0 g5 14. Qh5 Rdg8 15. a4 g4 16. Nd2 Qe8 17. Qxe8+ Rxe8 18. Ne4 Be7 19. b4 a5 20. b5 Nd8 21. c4 Nf7 22. c5 Kb8 23. c6 dxc6 24. bxc6 Bxc6 25. Rfc1 Bd5 26. Rab1 Nd6 27. Nc3 Bb7 28. Bf4 Rc8 29. Nb5 Nxb5 30. Bxb5 Bd6 31. Bxd6 cxd6 32. Bd7 Rxc1+ 33. Rxc1 e5 34. dxe5 dxe5 35. Bxg4 Rg8 36. Bh3 Rd8 37. Re1 Rd4 38. Ra1 Bc6 39. Bf5 h6 40. h4 Rxh4 41. Re1 Rxa4 42. Rxe5 Ra1+ 43. Kh2 a4 44. Re6 Kc7 45. Rxh6 a3 46. Rh7+ Kd6 47. Rh6+ Kc5 48. Be6 Re1 49. Rh5+ Kb4 50. Rh4+ Ka5 51. Bg8 b5 52. Rh6 Be4 53. Re6 Re2 54. f3 Bxf3 55. Rxe2 Bxe2 56. Kg1 b4 57. Kf2 Bd1 58. Ke1 Bg4 59. Kd2 Ka4 60. Kc1 b3 61. Bxb3+ Kxb3 62. Kb1 Be2 63. Ka1 Ka4 64. g4 Bxg4 65. Kb1 Bd7 66. Ka1 Kb3 67. Kb1 Ka4 68. Ka1 Kb3 69. Kb1 Ka4 1/2-1/2

[Event "Titled Tuesday intern op 24th Oct Late"]
[Site "Chess.com INT"]
[Date "2023.10.24"]
[Round "11"]
[White "Yezhel, Valiantsin"]
[Black "Dimitrijevic, Darko"]
[Result "1/2-1/2"]
[WhiteElo "2311"]
[BlackElo "2167"]
[PlyCount "104"]
[EventDate "2023.10.24"]
[EventType "swiss (blitz)"]
[EventRounds "11"]
[EventCountry "USA"]
[SourceTitle "Mega2024 Update 01"]
[Source "Chessbase"]
[SourceDate "2023.11.12"]
[SourceVersion "1"]
[SourceVersionDate "2023.11.12"]
[SourceQuality "1"]

1. b3 Nf6 2. Bb2 g6 3. Nf3 Bg7 4. g3 b6 5. Bg2 Bb7 6. 0-0 0-0 7. c4 c5 8. d4 cxd4 9. Nxd4 Bxg2 10. Kxg2 Qc7 11. Nc3 a6 12. e4 d6 13. f3 e6 14. Rc1 Nbd7 15. Qd2 Rfd8 16. Rfd1 Rac8 17. Nc2 Ne5 18. Ne2 Nc6 19. Ncd4 Ne7 20. Qe3 Qb7 21. Nc3 Nd7 22. Na4 b5 23. cxb5 axb5 24. Nc3 b4 25. Na4 Nc5 26. Qd2 Nxa4 27. bxa4 d5 28. Rxc8 Rxc8 29. Nb5 Bxb2 30. Qxb2 Qa6 31. Qxb4 Nc6 32. Qb3 dxe4 33. fxe4 Na5 34. Qd3 Nc4 35. Qb3 Qb6 36. Rd7 Ne5 37. Rd2 Nc4 38. Re2 Qc5 39. Qc3 Qg5 40. Qf3 Ne5 41. Qf4 Qh5 42. Rf2 Nd3 43. Qxf7+ Kh8 44. Qf6+ Kg8 45. Qxe6+ Kg7 46. Rf7+ Kh6 47. Qxc8 Qe2+ 48. Kh3 Qh5+ 49. Kg2 Qe2+ 50. Kg1 Qe3+ 51. Kf1 Qe1+ 52. Kg2 Qe2+ 1/2-1/2

[Event "Titled Tuesday intern op 26th Sep Late"]
[Site "Chess.com INT"]
[Date "2023.09.26"]
[Round "1"]
[White "Benyahia, Safine"]
[Black "Yezhel, Valiantsin"]
[Result "0-1"]
[WhiteElo "1670"]
[BlackElo "2311"]
[PlyCount "66"]
[EventDate "2023.09.26"]
[EventType "swiss (blitz)"]
[EventRounds "11"]
[EventCountry "USA"]
[SourceTitle "EXT 2024"]
[Source "ChessBase"]
[SourceDate "2023.10.10"]
[SourceVersion "1"]
[SourceVersionDate "2023.10.10"]
[SourceQuality "1"]

1. e4 c5 2. Nc3 g6 3. g3 Bg7 4. Bg2 Nc6 5. Nge2 Nf6 6. d3 d6 7. 0-0 0-0 8. h3 Rb8 9. Be3 b5 10. Qd2 b4 11. Nd1 a5 12. Bh6 a4 13. Bxg7 Kxg7 14. c3 bxc3 15. bxc3 Ba6 16. f4 Qa5 17. f5 Ne5 18. Nf2 a3 19. Rab1 c4 20. d4 Nd3 21. Nxd3 cxd3 22. Nf4 Rxb1 23. Rxb1 Rc8 24. Rc1 gxf5 25. Nh5+ Nxh5 26. Qg5+ Kf8 27. Qxh5 Rxc3 28. Rf1 d2 29. Qxh7 Ke8 30. Rd1 Rc1 31. Qh5 Rxd1+ 32. Qxd1 Qc3 33. exf5 Be2 0-1

[Event "Titled Tuesday intern op 26th Sep Late"]
[Site "Chess.com INT"]
[Date "2023.09.26"]
[Round "7"]
[White "Yezhel, Valiantsin"]
[Black "Hernandez Gonzalez, William"]
[Result "0-1"]
[WhiteElo "2311"]
[BlackElo "2487"]
[PlyCount "138"]
[EventDate "2023.09.26"]
[EventType "swiss (blitz)"]
[EventRounds "11"]
[EventCountry "USA"]
[SourceTitle "EXT 2024"]
[Source "ChessBase"]
[SourceDate "2023.10.10"]
[SourceVersion "1"]
[SourceVersionDate "2023.10.10"]
[SourceQuality "1"]

1. d4 Nf6 2. c4 e6 3. Nc3 Bb4 4. e3 Bxc3+ 5. bxc3 c5 6. Bd3 d6 7. f4 Nc6 8. Nf3 b6 9. e4 Qe7 10. e5 Nd7 11. 0-0 Ba6 12. Be3 0-0-0 13. Qe2 h6 14. Rab1 Rhe8 15. Rfe1 Na5 16. Nd2 Nb7 17. Qf3 Nb8 18. Be4 Qc7 19. Qg3 g6 20. h3 Nc6 21. Qf3 Nca5 22. Bd3 d5 23. Qf1 cxd4 24. Bxd4 Nxc4 25. Nxc4 Bxc4 26. a4 Na5 27. Kh2 Qc6 28. Rb4 Re7 29. Reb1 Bxd3 30. Qxd3 Nc4 31. a5 Rb7 32. axb6 axb6 33. Ra1 Kd7 34. Qe2 h5 35. Qf2 Rdb8 36. Qh4 Qc8 37. Qf6 Qe8 38. Ra6 Qe7 39. Qg7 Kc6 40. Qh6 Qf8 41. Qg5 Qd8 42. Qg3 Kd7 43. Qf2 Qc7 44. Qg3 Ra7 45. Rxa7 Qxa7 46. f5 gxf5 47. Qg7 Kc6 48. Qh7 Rb7 49. Qxh5 Qa2 50. Qf3 Rb8 51. h4 Rg8 52. h5 Kd7 53. Bxb6 Qd2 54. Bd4 Qg5 55. Rb7+ Kc6 56. Rxf7 Nd2 57. Qh3 Nf1+ 58. Kg1 Qc1 59. Qd3 Ng3+ 60. Kf2 Qb2+ 61. Kg1 Qc1+ 62. Kf2 Nh1+ 63. Ke2 Rxg2+ 64. Kf3 Rg3+ 65. Ke2 Qb2+ 66. Qd2 Rg2+ 67. Kf3 Qxd2 68. h6 Qe2+ 69. Kf4 Qe4# 0-1

[Event "Titled Tuesday intern op 26th Sep Early"]
[Site "Chess.com INT"]
[Date "2023.09.26"]
[Round "7"]
[White "Yezhel, Valiantsin"]
[Black "Lai, Hong Jun"]
[Result "0-1"]
[WhiteElo "2311"]
[BlackElo "2004"]
[PlyCount "78"]
[EventDate "2023.09.26"]
[EventType "swiss (blitz)"]
[EventRounds "11"]
[EventCountry "USA"]
[SourceTitle "EXT 2024"]
[Source "ChessBase"]
[SourceDate "2023.10.10"]
[SourceVersion "1"]
[SourceVersionDate "2023.10.10"]
[SourceQuality "1"]

1. d4 d5 2. Nf3 Nf6 3. Bf4 c5 4. e3 Nc6 5. Nbd2 e6 6. c3 Qb6 7. Rb1 a5 8. Bd3 c4 9. Bc2 Qd8 10. a4 Bd6 11. Bg3 Qc7 12. e4 Bxg3 13. hxg3 dxe4 14. Nxe4 Nxe4 15. Bxe4 h6 16. Qe2 Ne7 17. Ne5 Bd7 18. Ra1 Rc8 19. Qf3 0-0 20. Rxh6 gxh6 21. Qg4+ Kh8 22. Qh4 Ng8 23. Kd2 Qd8 24. Qf4 Qe7 25. Rh1 Kg7 26. Qg4+ Kh8 27. Qf4 Kg7 28. Rh4 f5 29. Nxd7 Qxd7 30. Qe5+ Rf6 31. Bc2 Qc7 32. Qe3 Re8 33. g4 fxg4 34. Rxg4+ Kh8 35. g3 e5 36. d5 Qd7 37. Qe4 Rxf2+ 38. Ke1 Rxc2 39. Qxc2 Qxg4 0-1

[Event "Warsaw Najdorf Memorial op-A"]
[Site "Warsaw"]
[Date "2023.07.17"]
[Round "7"]
[White "Jarmula, Lukasz"]
[Black "Yezhel, Valiantsin"]
[Result "1/2-1/2"]
[WhiteElo "2435"]
[BlackElo "2284"]
[PlyCount "104"]
[EventDate "2023.07.11"]
[EventType "swiss"]
[EventRounds "9"]
[EventCountry "POL"]
[SourceTitle "EXT 2024"]
[Source "ChessBase"]
[SourceDate "2023.10.10"]
[SourceVersion "1"]
[SourceVersionDate "2023.10.10"]
[SourceQuality "1"]

1. e4 e6 2. d4 d5 3. Nc3 Nf6 4. Bg5 dxe4 5. Nxe4 Be7 6. Bxf6 gxf6 7. Nc3 f5 8. Qd3 a6 9. 0-0-0 b5 10. Qf3 c6 11. Nh3 Bb7 12. Kb1 Nd7 13. g3 Qc7 14. Bg2 0-0-0 15. Qh5 Rdf8 16. Nf4 Nf6 17. Qe2 Rd8 18. a4 Rhe8 19. Rd3 b4 20. Na2 a5 21. Rdd1 Qb6 22. c3 bxc3 23. Nxc3 Rxd4 24. Rxd4 Qxd4 25. Rd1 Qb6 26. Nd3 Ba6 27. Qc2 Bxd3 28. Rxd3 Rd8 29. Rxd8+ Kxd8 30. Qd3+ Nd5 31. Bxd5 cxd5 32. Qe2 Bf6 33. Nb5 Qc5 34. Qd2 Qb6 35. f3 Kd7 36. Ka2 h5 37. Qh6 Ke7 38. Qd2 h4 39. gxh4 Bxh4 40. b4 Qc6 41. bxa5 Qc4+ 42. Ka3 Kd7 43. Qc3 Qxc3+ 44. Nxc3 Kc6 45. Kb3 Kb7 46. Nb5 Be7 47. Nd4 f4 48. Kc3 Bd8 49. Kb4 e5 50. Nf5 Ka6 51. Kc5 e4 52. Nd4 Kxa5 1/2-1/2

[Event "Warsaw Chess op-A"]
[Site "Warsaw"]
[Date "2022.07.23"]
[Round "6"]
[White "Yezhel, Valiantsin"]
[Black "Janik, Igor"]
[Result "0-1"]
[WhiteElo "2248"]
[BlackElo "2519"]
[PlyCount "116"]
[EventDate "2022.07.18"]
[EventType "swiss"]
[EventRounds "9"]
[EventCountry "POL"]
[SourceTitle "CBM 209 Extra"]
[Source "ChessBase"]
[SourceDate "2022.09.30"]
[SourceVersion "1"]
[SourceVersionDate "2022.09.30"]
[SourceQuality "1"]

1. d4 g6 2. c4 Bg7 3. Nc3 c5 4. Nf3 cxd4 5. Nxd4 Nc6 6. Nc2 Bxc3+ 7. bxc3 Qa5 8. Qd3 d6 9. e4 f5 10. Be3 Nf6 11. Nd4 Nxe4 12. Nxc6 bxc6 13. f3 Nc5 14. Qd4 0-0 15. h4 f4 16. Bd2 Nb3 17. axb3 Qxa1+ 18. Kf2 Qa5 19. c5 Be6 20. cxd6 exd6 21. Bxf4 Rxf4 22. Qxf4 Qc5+ 23. Qe3 Qxe3+ 24. Kxe3 Bxb3 25. Ba6 Re8+ 26. Kd2 Be6 27. Rb1 Kf7 28. Rb7+ Re7 29. Rb8 Kf6 30. c4 Kf5 31. g3 Ke5 32. Ke3 d5 33. cxd5 Bxd5 34. Bd3 Kd6+ 35. Be4 Kc7 36. Rh8 Kb6 37. Kd4 Rd7 38. Rb8+ Kc7 39. Rh8 Bxe4+ 40. Kxe4 Kb7 41. h5 gxh5 42. f4 a5 43. Ke5 a4 44. Kf6 a3 45. Re8 Kb6 46. Re1 Kb5 47. f5 a2 48. Ke6 Ra7 49. Ra1 Kb4 50. f6 Kb3 51. f7 Ra8 52. Rf1 c5 53. Rf3+ Kb4 54. Rf1 c4 55. Kf6 c3 56. Kg7 Kb3 57. f8R Rxf8 58. Kxf8 Kb2 0-1

[Event "Warsaw Chess op-A"]
[Site "Warsaw"]
[Date "2022.07.23"]
[Round "7"]
[White "Yezhel, Valiantsin"]
[Black "Jarmula, Lukasz"]
[Result "0-1"]
[WhiteElo "2248"]
[BlackElo "2452"]
[PlyCount "134"]
[EventDate "2022.07.18"]
[EventType "swiss"]
[EventRounds "9"]
[EventCountry "POL"]
[SourceTitle "CBM 209 Extra"]
[Source "ChessBase"]
[SourceDate "2022.09.30"]
[SourceVersion "1"]
[SourceVersionDate "2022.09.30"]
[SourceQuality "1"]

1. d4 d6 2. e4 Nf6 3. Nc3 e5 4. Nge2 exd4 5. Nxd4 Be7 6. g3 Nc6 7. Bg2 Nxd4 8. Qxd4 0-0 9. 0-0 Be6 10. b3 Nd7 11. Bb2 Bf6 12. Qd2 Rb8 13. f4 Nc5 14. Qf2 g6 15. e5 Bg7 16. Rad1 b5 17. Nd5 Bxd5 18. Rxd5 Ne6 19. f5 Qc8 20. f6 Bh6 21. Bc1 Bxc1 22. Rxc1 dxe5 23. Qe3 Rd8 24. Rxe5 Rd6 25. Bh3 Rbb6 26. c4 bxc4 27. bxc4 c5 28. Rd5 Qf8 29. Rf1 Rxd5 30. cxd5 Nc7 31. Bg2 c4 32. Qd4 Ne8 33. g4 Nd6 34. g5 h6 35. h4 Nf5 36. Qf2 c3 37. Rc1 Rb2 38. Qe1 c2 39. Qc3 Rb1 40. Qxc2 Rb8 41. Qc5 Qe8 42. d6 Rd8 43. Bc6 Qe2 44. d7 Qg4+ 45. Kf1 Qf4+ 46. Ke1 Nd4 47. Rc4 Qe3+ 48. Kd1 Qd3+ 49. Kc1 Nxc6 50. Qxc6 Rxd7 51. Kb2 Qd2+ 52. Kb3 Rd8 53. Qc7 Qd3+ 54. Ka4 Qd1+ 55. Kb4 Qb1+ 56. Kc5 Rb8 57. Kd4 Re8 58. Kc3 Re3+ 59. Kd4 Re4+ 60. Kc3 Re3+ 61. Kd4 Qd3+ 62. Kc5 Qa3+ 63. Kd4 Re8 64. Qd7 Qe3+ 65. Kd5 Re5+ 66. Kd6 Qd3+ 67. Kxe5 Qxd7 0-1

[Event "Warsaw Chess op-A"]
[Site "Warsaw"]
[Date "2022.07.22"]
[Round "5"]
[White "Karolczuk, Iwo"]
[Black "Yezhel, Valiantsin"]
[Result "0-1"]
[WhiteElo "2319"]
[BlackElo "2248"]
[PlyCount "66"]
[EventDate "2022.07.18"]
[EventType "swiss"]
[EventRounds "9"]
[EventCountry "POL"]
[SourceTitle "CBM 209 Extra"]
[Source "ChessBase"]
[SourceDate "2022.09.30"]
[SourceVersion "1"]
[SourceVersionDate "2022.09.30"]
[SourceQuality "1"]

1. e4 c5 2. Nf3 g6 3. d4 cxd4 4. Nxd4 Bg7 5. c4 Nf6 6. Nc3 Nc6 7. Be3 d6 8. Be2 Bd7 9. 0-0 0-0 10. Qd2 Nxd4 11. Bxd4 Bc6 12. f3 Nd7 13. Be3 a5 14. b3 Nc5 15. Rab1 e6 16. Rfd1 Be5 17. Bf1 Qh4 18. f4 Bxc3 19. Qxc3 Nxe4 20. Qb2 f5 21. g3 Qe7 22. Bg2 e5 23. a3 exf4 24. gxf4 Nf6 25. Bd4 Nh5 26. Bxc6 bxc6 27. Qf2 Qe4 28. Be3 Rfe8 29. Re1 a4 30. bxa4 Qxc4 31. Rb7 Re4 32. Qb2 Rae8 33. Qg7+ Nxg7 0-1

[Event "Warsaw Chess op-A"]
[Site "Warsaw"]
[Date "2022.07.20"]
[Round "3"]
[White "Choroszej, Aleksander"]
[Black "Yezhel, Valiantsin"]
[Result "0-1"]
[WhiteElo "2040"]
[BlackElo "2248"]
[PlyCount "78"]
[EventDate "2022.07.18"]
[EventType "swiss"]
[EventRounds "9"]
[EventCountry "POL"]
[SourceTitle "CBM 209 Extra"]
[Source "ChessBase"]
[SourceDate "2022.09.30"]
[SourceVersion "1"]
[SourceVersionDate "2022.09.30"]
[SourceQuality "1"]

1. d4 f5 2. Bg5 Nf6 3. Bxf6 exf6 4. e3 d5 5. c4 dxc4 6. Bxc4 Bd6 7. Nc3 c6 8. Qf3 Qe7 9. Nge2 Nd7 10. 0-0 Nb6 11. Bb3 Bd7 12. a4 a5 13. Rac1 g6 14. g3 Kf8 15. d5 c5 16. Nf4 Kg7 17. Ne6+ Bxe6 18. dxe6 c4 19. Bc2 Be5 20. e4 f4 21. Nd5 Qxe6 22. Nxf4 Qc6 23. Nd5 Rhd8 24. Qe3 Nxd5 25. exd5 Qxd5 26. Rfd1 Qc6 27. Be4 Qxa4 28. Bf3 Qb4 29. Qe2 Qxb2 30. Rxd8 Rxd8 31. Qxc4 b5 32. Qc6 a4 33. Qb7+ Kh6 34. Rc8 Bd4 35. Kg2 Qxf2+ 36. Kh3 Qf1+ 37. Kh4 f5 38. Rc6 Be3 39. Bg2 Qe2 0-1

[Event "Warsaw Chess op-A"]
[Site "Warsaw"]
[Date "2022.07.19"]
[Round "2"]
[White "Yezhel, Valiantsin"]
[Black "Pacan Milej, Kosma"]
[Result "1/2-1/2"]
[WhiteElo "2248"]
[BlackElo "2412"]
[PlyCount "72"]
[EventDate "2022.07.18"]
[EventType "swiss"]
[EventRounds "9"]
[EventCountry "POL"]
[SourceTitle "CBM 209 Extra"]
[Source "ChessBase"]
[SourceDate "2022.09.30"]
[SourceVersion "1"]
[SourceVersionDate "2022.09.30"]
[SourceQuality "1"]

1. d4 Nf6 2. c4 g6 3. Nc3 Bg7 4. e4 0-0 5. Be3 d6 6. h3 Nbd7 7. Nf3 e5 8. d5 Nc5 9. Nd2 a5 10. Be2 Bd7 11. g4 c6 12. g5 Ne8 13. Nb3 b6 14. h4 Nc7 15. h5 cxd5 16. cxd5 a4 17. Nc1 b5 18. a3 Rb8 19. b4 axb3 20. Nxb3 N7a6 21. Rb1 Qc7 22. Nxc5 Nxc5 23. Qd2 gxh5 24. Rxh5 f5 25. gxf6 Rxf6 26. f3 Rg6 27. Nxb5 Bxb5 28. Rxb5 Rxb5 29. Bxb5 Nb3 30. Qd3 Nd4 31. Bxd4 exd4 32. Qc4 Qa5+ 33. Qb4 Qc7 34. Qc4 Qa5+ 35. Qb4 Qc7 36. Qc4 Qa5+ 1/2-1/2